La paz: (Registro nro. 4988)

Detalles MARC
000 -LEADER
fixed length control field 01431nam a2200265Ia 4500
003 - CONTROL NUMBER IDENTIFIER
control field OSt
005 - DATE AND TIME OF LATEST TRANSACTION
control field 20200317091054.0
008 - FIXED-LENGTH DATA ELEMENTS--GENERAL INFORMATION
fixed length control field 191128s1999 ck adb gr 001 0dspa d
020 ## - INTERNATIONAL STANDARD BOOK NUMBER
International Standard Book Number 9586017826
082 04 - DEWEY DECIMAL CLASSIFICATION NUMBER
Classification number 303.485 /
Item number D266p
110 1# - MAIN ENTRY--CORPORATE NAME
Corporate name or jurisdiction name as entry element Departamento Nacional de Planeación
9 (RLIN) 1612
245 10 - TITLE STATEMENT
Title La paz:
Remainder of title El desafío para el desarrollo : el desafío para el desarrollo /
Statement of responsibility, etc. Departamento Nacional de Planeación
250 ## - EDITION STATEMENT
Edition statement Primera edición
260 ## - PUBLICATION, DISTRIBUTION, ETC.
Place of publication, distribution, etc. Bogotá :
Name of publisher, distributor, etc. Departamento Nacional de Planeación : Tercer Mundo,
Date of publication, distribution, etc. 1998
300 ## - PHYSICAL DESCRIPTION
Extent 250 Páginas :
Other physical details gráficas, mapas a color y blanco y negro ;
Dimensions 23 cm.
501 ## - WITH NOTE
With note Notas a pie de páginas.
504 ## - BIBLIOGRAPHY, ETC. NOTE
Bibliography, etc. note Bibliografía: páginas 237-250
505 ## - FORMATTED CONTENTS NOTE
Formatted contents note Paz elemento fundamental del desarrollo -- Un esbozo de la sociedad Colombiana frente a la violencia -- La violencia y las variables sociales -- Una mirada económica -- La globalización -- los temas estratégicos de la violencia política -- La doble agenda de la paz -- Los programas en curso --
520 ## - SUMMARY, ETC.
Summary, etc. La violencia y su base económica, la inequidad, amenazan la viabilidad política y social de Colombia. El explosivo aumento de todas las formas de violencia ha impuesto un sobrecosto insoportable sobre el desarrollo económico.
546 ## - LANGUAGE NOTE
Language note spa
650 14 - SUBJECT ADDED ENTRY--TOPICAL TERM
Topical term or geographic name entry element Luchas sociales
Geographic subdivision Colombia
9 (RLIN) 1613
650 14 - SUBJECT ADDED ENTRY--TOPICAL TERM
Topical term or geographic name entry element Paz
Geographic subdivision Colombia
9 (RLIN) 1614
650 24 - SUBJECT ADDED ENTRY--TOPICAL TERM
Topical term or geographic name entry element Violencia
Geographic subdivision Colombia
9 (RLIN) 1615
942 ## - ADDED ENTRY ELEMENTS (KOHA)
Source of classification or shelving scheme Dewey Decimal Classification
Koha item type Books
Existencias
Withdrawn status Lost status Source of classification or shelving scheme Materials specified (bound volume or other part) Damaged status Not for loan Home library Current library Date acquired Total Checkouts Full call number Barcode Date last seen Copy number Price effective from Koha item type
    Dewey Decimal Classification Donación--15/04/2018--     Biblioteca Pública José María del Castillo y Rada Biblioteca Pública José María del Castillo y Rada 11/28/2019   303.485 / D266p 430001112 05/16/2024 Ej.1 11/28/2019 Books